00739nam a2200193 a 450000100100000000500170001000800410002702000150006804000250008308200150010810000440012324501080016725000110027526000350028630000210032150400730034295201130041599900170052800003553520200930074420.0111103s1992 sp 000 0 spa d a8475095224 aDO-SdBNPbspacBNPHU axxxxbxxxx1 aGiangiacomo Feltrinelli, Milán96142710aMás allá del sujeto :bNietzsche, Heidegger y la hermenéutica /cMilán Giangiacomo Feltrinelli. a2a ed. aBarcelona, :bPaidós,c1992. a104 p. ;c20 cm. aIncluye referencias bibliográficas y notas al pie de las páginas 001050718MOaGRbGRcHDd2011-11-03iLF1l0oxxxx xxxxp35535-10r2020-06-25w2020-06-25y1ZNo se presta c35026d35026